| 000 | 00427nam a2200157Ia 4500 | ||
|---|---|---|---|
| 008 | 210423s1999 xx 000 0 und d | ||
| 041 | _aeng | ||
| 082 | _a574.5 KUMH | ||
| 100 | _aKUMAR (Har Darshan). | ||
| 245 | _aBiodiversity and sustainable conservation. | ||
| 260 |
_aNew Delhi _bOxford University Press _c1999 |
||
| 300 | _aix,409 | ||
| 365 |
_b750 _cINR |
||
| 650 | _aEcology | ||
| 906 | _aBiodiversity ; conservation. | ||
| 999 |
_c162721 _d162721 |
||